¿Existe una antropología marxista? : escritos exploratorios /

Uloženo v:
Podrobná bibliografie
Hlavní autor: Medina, Andrés (comp.)
Médium: Kniha
Jazyk:španělština
Vydáno: México : UNAM, Instituto de Investigaciones Antropológicas, 1982, c1982
Edice:(Serie Antropológica ; 34)
Témata:
Tagy: Přidat tag
Žádné tagy, Buďte první, kdo vytvoří štítek k tomuto záznamu!

MARC

LEADER 00000nam^a2200000^a^4500
001 000065423
005 20250521000000.0
009 20260310091139.435
020 |a 968-58-0224-6 
037 |a Acervo ITESO - Biblioteca 
041 |a ESP 
082 |a 300. 1  |b MED 
100 |a Medina, Andrés  |e (comp.) 
245 1 0 |a ¿Existe una antropología marxista? :  |b escritos exploratorios /  |c Comp. de A. Medina. 
264 4 |a México :  |b UNAM, Instituto de Investigaciones Antropológicas,  |c 1982, c1982 
300 |a 134 p. 
336 |a texto  |b txt  |2 rdacontenido 
337 |a sin mediación  |b n  |2 rdamedio 
338 |a volumen  |b nc  |2 rdasoporte 
440 1 |a (Serie Antropológica ;  |v 34) 
649 |a XX 
650 |a Materialismo Histórico y Dialéctico 
650 |a Marxismo 
650 |a Indigenismo 
650 |a Capitalismo -  |x Historia y Crítica 
650 |a Etnografía -  |z México 
650 |a Antropología -  |x Tema Principal 
910 |a Fondo General 
920 |a Impresos - Libros 
930 |a Colección General 
905 |a 101 
901 |a 0500019714  |b IT1  |c ACC  |u 20250521 
902 |a https://opac.biblio.iteso.mx/vufind/Record/000065423